Chemizácia poľnohospodárskej výroby a ochrana životného prostredia

Uložené v:
Podrobná bibliografia
Médium: Kniha
Jazyk:Slovak
Vydavateľské údaje: Bratislava Príroda 1987
Vydanie:1. vyd.
Edícia:Ochrana prírody
Tagy: Pridať tag
Žiadne tagy, Buďte prvý, kto otaguje tento záznam!

MARC

LEADER 00000nam a2200000 4500
001 c022845
005 20250714113100.9
041 0 |a slo 
044 |a SK 
245 1 0 |a Chemizácia poľnohospodárskej výroby a ochrana životného prostredia  |c Ľudovít Gábriš a kol. 
250 |a 1. vyd. 
264 1 |a Bratislava  |b Príroda  |c 1987 
300 |a 231 s. 
490 1 |a Ochrana prírody 
830 0 |a Ochrana prírody